3 indices - 1 ville française - Statistiques

Statistiques générales
  • Ce quiz a été pris 534 fois
  • Le résultat moyen est 14 sur 20
Statistiques - réponses
Indices Ville % Correct
Louvre / Tour Eiffel / Seine Paris
100%
Marché de Noël / Choucroute / la Petite France Strasbourg
96%
Ville Rose / Capitole / Antoine Dupont Toulouse
96%
Côte d'Azur / Promenade des Anglais / Eric Ciotti Nice
95%
Lac / Savoie / Sports d'hiver Annecy
82%
Fourvière / Traboules / les frères Lumière Lyon
79%
Jeanne d'Arc / la Tour blanche / Loire Orléans
79%
Place Sainte-Anne / Chateaubriand / Bretagne Rennes
78%
Cité du vin / Place des Quinconces / UBB Bordeaux
75%
Tripes / Orelsan / Guillaume le conquérant Caen
75%
Bataille / René Descartes / Futuroscope Poitiers
75%
Jambon / Peña / Fêtes taurines Bayonne
73%
Massif central / FAMAS / ASSE Saint-Etienne
72%
Place Saint-Stanislas / Mirabelle / Lorraine Nancy
62%
Champagne / Cité des sacres / Palais du Tau Reims
62%
Peugeot / FC-SM / Jura Sochaux
50%
Château / Petit Trianon / Monastère AMER Versailles
46%
Macron / Macaron / Petite Venise du Nord Amiens
41%
Le Palais des Rois de Majorque / Roussillon / Communauté romanichel Perpignan
41%
Cathédrale fortifiée / Cathares / Pays de Cocagne Albi
20%
Aucun quiz correspondant
Distribution des résultats
% des personnes avec chaque résultat
Percentile par nombre de réponses
Votre historique - résultats
Vous n’avez pas pris ce quiz